Aprendizaje y cognición

Enregistré dans:
Détails bibliographiques
Auteurs principaux: Leahey, Thomas Hardy (Auteur), Harris, Richard Jackson (Auteur)
Format: Livre
Langue:espagnol
Publié: Madrid Prentice Hall 1998
Édition:4a. ed
Sujets:
Tags: Ajouter un tag
Pas de tags, Soyez le premier à ajouter un tag!

MARC

LEADER 00000nam a2200000 a 4500
001 UCP0096
003 CL-VaPUC
008 990128e19980000SP |||||||||||||||||spa|d
082 0 4 |a 153.15  |b LEA  |2 21 
100 |a Leahey, Thomas Hardy  |e author  |9 530044 
700 0 |a Harris, Richard Jackson  |e author  |9 425084 
245 1 0 |a Aprendizaje y cognición 
250 |a 4a. ed 
300 |a 561 p 
942 |c BK 
945 |d 19990128 00:00:00  |a aarredon 
260 |a Madrid  |b Prentice Hall  |c 1998 
650 0 |a Aprendizaje   |9 254827 
650 0 |a Cognición   |9 270347 
650 7 |a PROCESOS MENTALES  |2 CL-VaPUC  |9 370472 
650 0 |a Procesos de aprendizaje  |9 309161 
650 0 |a Conducta  |9 269782 
650 7 |a CONDUCTISMO  |2 CL-VaPUC  |9 309844 
650 0 |a Memoria  |9 266549 
650 0 |a Lenguaje   |9 265069 
650 0 |a Pensamiento  |9 307612 
583 |a last modification  |c 19990128 00:00:00  |k Rodrigo Vera 
999 |c 278982  |d 278980 
952 |0 0  |1 0  |4 0  |6 153_150000000000000_LEA_1998  |7 0  |8 A  |9 317817  |a BIBEDU  |b BIBEDU  |d 2019-11-20  |i 3495817  |l 5  |m 1  |o 153.15 LEA 1998  |p 3495817  |r 2024-04-10  |s 2024-03-28  |w 2019-11-20  |y BK  |k BME 
952 |0 0  |1 0  |4 0  |6 153_150000000000000_LEA_1998  |7 0  |8 A  |9 317818  |a BIBEDU  |b BIBEDU  |d 2019-11-20  |i 3495825  |o 153.15 LEA 1998  |p 3495825  |r 2019-11-20  |w 2019-11-20  |y BK  |k BME 
952 |0 0  |1 0  |4 0  |6 153_150000000000000_LEA_1998  |7 0  |8 A  |9 317819  |a FDOPOS  |b FDOPOS  |d 2019-11-20  |i 3695484  |o 153.15 LEA 1998  |p 3695484  |r 2025-01-22  |w 2019-11-20  |y BK  |k MLA